Movie Character Blitz IX Quiz Stats

 Plays Quiz Updated Mar 12, 2019

Score 0/16 Timer 01:00
25 Plays Today
% Correct
Bella Swan
90.4%
Optimus Prime
88.3%
Benjamin Button
86.6%
Morpheus
86.5%
Clarice Starling
85%
Oskar Schindler
84%
Sandy Olsson
83.4%
Jason Voorhees
82.5%
% Correct
Hans Landa
70%
Axel Foley
69.5%
Donnie Darko
69.3%
Martin Riggs
65.5%
Vizzini
60.6%
Walter Sobchak
58.8%
Thomas Whitmore
46.3%
Lou Bloom
42.3%

You're not logged in!

Compare scores with friends on all Sporcle quizzes.
OR
Log In

Sporcle TV

Today on Sporcle TV


Watch our educational content, quiz creation guides, and fun videos on Sporcle TV.

Show Comments

Extras

Top Quizzes Today


Score Distribution

Your Account Isn't Verified!

In order to create a playlist on Sporcle, you need to verify the email address you used during registration. Go to your Sporcle Settings to finish the process.

Report this User

Report this user for behavior that violates our Community Guidelines.

Details: